00538cam a22001692 4500001001100000005001700011008004100028020002800069040001500097050001500112100003200127245009000159260004000249300001500289500001700304650004700321000000368520151217154341.0070514s xx 000 0 eng d a0387955232 :cGBP 49.95 aKABUcKABU 0aQC20b.H371 aHassani, Sadri.@000015377510aMathematical methods using mathematics :bfor students of physics and related fields. aNew York :bSpringer-Verlag,c2003. aix, 235 p. awith CD-ROM. 0aPhysicsxMathematical methods.@0000153771